| 000 | 00761cam a22002533a 4500 | ||
|---|---|---|---|
| 001 | 1308 | ||
| 003 | PGUSA | ||
| 005 | 20140828082959.0 | ||
| 008 | 980501s1998||||xxu|||||s|||||000 | eng d | ||
| 040 |
_aPGUSA _beng |
||
| 042 | _adc | ||
| 050 | 4 | _aPR | |
| 100 | 1 |
_aWilde, Oscar, _d1854-1900 |
|
| 245 | 1 | 2 |
_aA Florentine Tragedy; La Sainte Courtisane _h[electronic resource] / _cOscar Wilde |
| 260 |
_bProject Gutenberg, _c1998 |
||
| 505 | 0 | _aA Florentine tragedy: a fragment -- La sainte courtisane: a fragment. | |
| 506 | _aPublic domain in the USA. | ||
| 516 | _aElectronic text | ||
| 653 | _aDrama | ||
| 700 | 1 |
_aRoss, Robert Baldwin, _d1869-1918 |
|
| 830 | 0 |
_aProject Gutenberg _v1308 |
|
| 856 | 4 | 0 | _uhttp://www.gutenberg.org/ebooks/1308 |
| 942 | _cEB | ||
| 999 |
_c230656 _d230656 |
||